00813cam a2200241 i 4500001000500000005001700005020001500022040002300037050001500060082001000075100001900085245010900104250004800213260003500261300006000296505000800356520009400364521002900458521002000487650002300507650002200530700001900552438720240819111848.0 a0590428705 aDLCbengcDLCdDLC00aPZ8.3.A12300a398.21 aAardema, Verna10aBringing the rain to Kapiti Plain :bA Nandi Tale ;cretold by Verna Aardema ; pictures by Beatriz Vidal aFirst Scholastic printing , Septermber 1999 aNew York :bScholastic ;c1981 a32 unnumbered pages : bcolor illustrations ; c21 cm . aM  aA cumulative rhyme relating how Ki-pat brought rain to the drought-stricken Kapiti Plain. a530 bLexile estimate  aM bRaz-Plus  1aDroughtsxFiction. 1aStories in rhyme.1 aVidal, Beatriz